LEADER 01421nam a2200289 i 4500 001 991001978729707536 008 130306s2011 nyua b 001 0 eng 020 $a9780071635745 (hardback : alk. paper) 020 $a0071635742 (hardback : alk. paper) 035 $ab14101567-39ule_inst 040 $aFacoltà SSPT$bita 082 00$a621.1/65$222 100 1 $aSingh, Murari P.$0478156 245 10$aBlade design and analysis for steam turbines /$cMurari P. Singh, George M. Lucas 260 $aNew York :$bMcGraw-Hill,$cc2011. 300 $axv, 364 p. :$bill. ;$c24 cm. 504 $aIncludes bibliographical references (p. 347-350) and index 650 0$aSteam-turbines$xBlades$xDesign and construction 700 1 $aLucas, George M. 907 $a.b14101567$b20-05-14$c06-03-13 912 $a991001978729707536 945 $aLE020ING 621.16 SIN01.01$g1$i2020000045106$lle020$op$pE80.04$q-$rl$s- $t0$u1$v1$w1$x0$y.i15488032$z06-03-13 945 $aLE026 621.165 SIN 01.01 C.1 2011$cC.1$g1$i2026000068220$lle026$nProf. Carlucci / Biblioteca$op$pE73.02$q-$rl$s- $t4$u2$v0$w2$x0$y.i15613823$z20-05-14 945 $aLE026 621.165 SIN 01.01 C.2 2011$cC.2$g1$i2026000068602$lle026$nProf. Nobile / Biblioteca$op$pE73.02$q-$rl$s- $t4$u1$v0$w1$x0$y.i15613835$z20-05-14 996 $aBlade design and analysis for steam turbines$9265143 997 $aUNISALENTO 998 $ale020$ale026$b06-03-13$cm$da $e-$feng$gnyu$h0$i0